000 00686nam a2200229Ia 4500
003 OSt
005 20221007072034.0
006 a|||||r|||| 00| 0
007 ta
008 221006b |||||||| |||| 00| 0 eng d
024 _a25,791
037 _cTextual
040 _aFLL
_cFLL
_beng
041 _2eng
_aeng
082 _aZ1:881, K21
100 _aAbraham Henry J.
245 0 _aJudicial process
_b An introduction analysis of the courts of the United states, England, and France
260 _aLondon
_bOxford University Press London
_c1962
300 _axii,1-381p
_ccm.
942 _hZ1:881, K21
_cTEXL
_2CC
999 _c1145063
_d1145063